Перестроечное кино - Армагеддон - Statistics

General Stats
  • This quiz has been taken 25 times
  • The average score is 6 of 20
Answers on the Grid
Answers color-coded by a green-red scale on the quiz's grid according to % correct below.
Тени забытых предков
Господин оформитель
Выше Радуги
Асса
Иван Франко
Вам и не снилось
Смерть на взлёте
Фантазии Фарятьева
Убить дракона
Отпуск в сентябре
Игла
Родня
Курьер
Свинарка и пастух
Белорусский вокзал
Щит и меч
Холодное лето 53-го
Астенический синдром
Приключения Буратино
Доживём до понедельника
Авария - дочь мента
Лебединое озеро. Зона
Перемена участи
Иди и смотри
Андрей Рублёв
Старая, старая сказка
Беспредел
Кин-дза-дза!
Короткие встречи
Обыкновенное чудо
Мой ласковый и нежный зверь
Джентльмены удачи
Экипаж
Афоня
Слуга
Маленькая Вера
Золотой телёнок
Конец каникул
Собачье сердце
Узник замка Иф
 
Answer Stats
Answer % Correct
Асса
57%
Авария - дочь мента
57%
Игла
50%
Курьер
50%
Маленькая Вера
43%
Выше Радуги
36%
Иди и смотри
36%
Кин-дза-дза!
36%
Собачье сердце
36%
Убить дракона
29%
Узник замка Иф
29%
Холодное лето 53-го
29%
Господин оформитель
21%
Беспредел
21%
Слуга
14%
Конец каникул
14%
Отпуск в сентябре
7%
Астенический синдром
7%
Лебединое озеро. Зона
0%
Перемена участи
0%
No matching quizzes found
Score Distribution
Percent of People with Each Score
Percentile by Number Answered
Your Score History
You have not taken this quiz